Statistics for Category Elimination - Capital Cities #1

Click here to take the quiz!

General Stats

  • This quiz has been taken 33,962 times
  • The average score is 14 of 20

Answer Stats

Group # Category % Correct
Green45Capitals in Europe
100%
Green26... with a population of less than 1 million
97%
Green11... containing the letter S
90%
Yellow93Capitals with at least 1 million people
87%
Yellow61... in Asia or Africa
86%
Blue56Capitals in the Western Hemisphere
82%
Pink87Capitals starting with a letter between F and P *
78%
Green3... whose country is more than one word
75%
Pink66... whose country is not landlocked
75%
Yellow10... which is in the Southern Hemisphere
71%
Blue20... not in North or South America
70%
Yellow5... ending with the letter A
66%
Blue16... with an average elevation below 100m
66%
Pink15... is in Asia
64%
Blue4... ending in the letter N
59%
Pink7... is south of the Tropic of Cancer
55%
Blue1... and has a mediterranean climateLisbon
44%
Green1... and whose country is not landlockedSarajevo
36%
Pink1... whose country starts with a vowelJakarta
35%
Yellow1... and whose country doesn't end with AKinshasa
21%

Score Distribution

Percentile by Number Answered

Percent of People with Each Score

Your Score History

You have not taken this quiz